000 01794nam a22003377i 4500
003 EG-ScBUE
005 20260512114116.0
008 100805s1981 ua|a frbd 001 0dara d
020 _a07084285X
040 _aEG-ScBUE
_bara
_erda
_cEG-ScBUE
_dEG-ScBUE
041 1 _aara
_heng
082 0 4 _a540
_bس ي ن
_222
100 1 _917092
_aسينكو، ميشيل ج.،
_eمؤلف.
240 1 _aChemistry.
_lArabic
245 1 2 _aالكيمياء /
_cتأليف ميشيل ج. سينكو، أستاذ الكيمياء، جامعة كورنيل، روبرت أ. بلان، أستاذ الكيمياء ومدير كلية كلارسون ؛ ترجمة الدكتور السيد علي حسن، أستاذ الكيمياء الفيزيائية، كلية العلوم، جامعة الأزهر ؛ مراجعة الدكتور أحمد محمد عزام، أستاذ الكيمياء الفيزيائية، كلية العلوم، جامعة عين شمس.
264 1 _aالقاهرة :
_bمؤسسة الأهرام،
_c1981.
300 _a631 صفحة :
_bإيضاحيات ؛
_c24 سم
336 _2rdacontent
_aنص
_btxt
337 _aبدون وسيط
_2rdamedia
_bn
338 _aمجلد
_bnc
_2rdacarrier
500 _aيشتمل على قائمة بالمصطلحات العلمية.
500 _aيشتمل على كشاف.
504 _aيشتمل على إرجاعات ببليوجرافية.
546 _aالنص باللغة الإنجليزية ؛ وقد تم ترجمته إلى العربية.
650 7 _917126
_aالكيمياء.
_2BUEsh
655 _vReading book
700 1 _917117
_aبلان، روبرت أ.،
_eمؤلف.
700 1 _917137
_aحسن، السيد علي،
_eمترجم.
700 1 _917136
_aعزام، أحمد محمد،
_eمراجع.
942 _cBB
_2ddc
999 _c14625
_d14625